Data mining : (Record no. 186770)
[ view plain ]
| 000 -LEADER | |
|---|---|
| fixed length control field | 00730nam a2200217Ia 4500 |
| 005 - DATE AND TIME OF LATEST TRANSACTION | |
| control field | 20251208100815.0 |
| 008 - FIXED-LENGTH DATA ELEMENTS--GENERAL INFORMATION | |
| fixed length control field | 210716s2003 xx 000 0 und d |
| 020 ## - INTERNATIONAL STANDARD BOOK NUMBER | |
| International Standard Book Number | 8126504412 |
| 040 ## - CATALOGING SOURCE | |
| Transcribing agency | AIMIT LIBRARY |
| 041 ## - LANGUAGE CODE | |
| Language code of text/sound track or separate title | eng |
| 082 ## - DEWEY DECIMAL CLASSIFICATION NUMBER | |
| Classification number | 005.762 |
| Edition number | 1 |
| Item number | RUDO |
| 100 ## - MAIN ENTRY--PERSONAL NAME | |
| Personal name | Rud, Olivia Parr. |
| 9 (RLIN) | 47029 |
| 245 ## - TITLE STATEMENT | |
| Title | Data mining : |
| Remainder of title | modeling data for marketing risk and customer relationship management / |
| Statement of responsibility, etc. | By Olivia Parr Rud. |
| 250 ## - EDITION STATEMENT | |
| Edition statement | 1st ed. |
| 260 ## - PUBLICATION, DISTRIBUTION, ETC. | |
| Place of publication, distribution, etc. | New Delhi : |
| Name of publisher, distributor, etc. | Wiley Dreamtech Pvt Ltd , |
| Date of publication, distribution, etc. | 2003. |
| 300 ## - PHYSICAL DESCRIPTION | |
| Extent | xxiv, 365p. ; |
| Dimensions | 23.5 cm. |
| Other physical details | PB |
| 650 ## - SUBJECT ADDED ENTRY--TOPICAL TERM | |
| Topical term or geographic name entry element | Planning the menu |
| 9 (RLIN) | 47030 |
| 650 ## - SUBJECT ADDED ENTRY--TOPICAL TERM | |
| Topical term or geographic name entry element | The cooking demonstration |
| 9 (RLIN) | 47031 |
| 650 ## - SUBJECT ADDED ENTRY--TOPICAL TERM | |
| Topical term or geographic name entry element | Recipes for every occasion |
| 9 (RLIN) | 47032 |
| 942 ## - ADDED ENTRY ELEMENTS (KOHA) | |
| Source of classification or shelving scheme | Dewey Decimal Classification |
| Koha item type | Book |
| Edition | 1st |
| Call number prefix | 005.762 RUDO |
| Withdrawn status | Lost status | Source of classification or shelving scheme | Damaged status | Not for loan | Collection code | Home library | Current library | Source of acquisition | Cost, normal purchase price | Inventory number | Total Checkouts | Full call number | Barcode | Date last seen | Cost, replacement price | Price effective from | Koha item type |
|---|---|---|---|---|---|---|---|---|---|---|---|---|---|---|---|---|---|
| Dewey Decimal Classification | MCA | St Aloysius Institute of Management & Information Technology | St Aloysius Institute of Management & Information Technology | Sita Book House | 279.00 | Bill no:25565; Bill dt:2004-04-0 | 005.762 RUDO | MCA05777 | 05/23/2026 | 223.20 | 07/16/2021 | Book | |||||
| Dewey Decimal Classification | MCA | St Aloysius Institute of Management & Information Technology | St Aloysius Institute of Management & Information Technology | L B Publishers and Distributors | 279.00 | Bill no:2004/951; Bill dt:2004-0 | 005.762 RUDO | MCA06278 | 05/23/2026 | 223.20 | 07/16/2021 | Book |